|
|
|
|
| LEADER |
00000nbm0a2200000 4500 |
| 001 |
153826 |
| 005 |
20231031151543.0 |
| 029 |
0 |
0 |
|a SU
|b 01820073265
|f ТПУ
|
| 035 |
|
|
|a (RuTPU)RU\TPU\book\166871
|
| 035 |
|
|
|a RU\TPU\book\166093
|
| 090 |
|
|
|a 153826
|
| 100 |
|
|
|a 20090217d1985 k y0rusy50 ca
|
| 101 |
0 |
|
|a rus
|
| 102 |
|
|
|a RU
|
| 105 |
|
|
|a a p 000zy
|
| 200 |
1 |
|
|a Разработать научные основы комплексного использования торфа в народном хозяйстве (термохимическое направление)
|a Разработать процесс получения восков из термообработанного торфа. Ч 2
|e Заключительный отчет по НИР
|e Проблема IX
|e Тема г/б 15
|f Томский политехнический институт (ТПИ) ; под ред. С. И. Смольянинова
|
| 210 |
|
|
|a Томск
|d 1985
|
| 215 |
|
|
|a 56 л.
|
| 610 |
1 |
|
|a отчеты о НИР
|
| 610 |
1 |
|
|a торф
|
| 610 |
1 |
|
|a групповой состав
|
| 610 |
1 |
|
|a воск
|
| 610 |
1 |
|
|a свойства
|
| 610 |
1 |
|
|a выход
|
| 610 |
1 |
|
|a схема производства
|
| 610 |
1 |
|
|a экономические показатели
|
| 675 |
|
|
|a 665.7(04)
|v 3
|
| 702 |
|
1 |
|a Смольянинов
|b С. И.
|4 340
|
| 712 |
0 |
2 |
|a Томский политехнический институт (ТПИ)
|c (1944-1991)
|2 stltpush
|3 (RuTPU)RU\TPU\col\1123
|4 595
|
| 801 |
|
1 |
|a RU
|b 63413507
|c 20090205
|g PSBO
|
| 801 |
|
2 |
|a RU
|b 63413507
|c 20090217
|g PSBO
|
| 942 |
|
|
|c BK
|